000 00942njm a22002537a 4500
005 20100916160145.0
006 a|||||r|||||00| 0
007 sd ammalaaahaa
008 100915t xxu||||| |||| 00| 0 eng d
028 _a45-QC.2024
_bSri Ghanshyamdas Birla
035 _aGR-02743
040 _aSED
_cSED
100 _917455
_aSubbulakshmi, M.S.
245 _aG.D. Birla Inaugration of Bits /
_cby M.S.Subbulakshmi
_h[sound recording] :
260 _aDum Dum, India
_bSri Ghanshyamdas Birla
_c1964
300 _a1 sound disc [Gramophone Recording]:
_banalog, 45 rpm
_c7 in. (SP)
_fGramophone Record
500 _aBrief Record
500 _aRecord labels :Sri Ghanshyamdas Birla,Orange
505 _aSide-2 Piba re ramarasam (M.S.Subbulakshmi)
600 _2Subbulakshmi, M.S.
650 _aFilm songs
_zIndia
_91186
_xExcerpts
942 _2ddc
_cGR
999 _c46314
_d46314